Mezinárodní konference k 40.výročí založení katedry slévárenství : Konf. Areál VŠB Ostrava-Poruba. 8.-10.6.1992

Salvato in:
Dettagli Bibliografici
Natura: Libro
Lingua:ceco
Pubblicazione: Ostrava : Vysoká škola báňská - Technická univerzita v Ostravě, 1992
Soggetti:
Tags: Aggiungi Tag
Nessun Tag, puoi essere il primo ad aggiungerne!!

MARC

LEADER 00000nam a22000003a 4500
001 stu37567
005 20150408180830.5
008 920717s1992----cs------------------cze-d
040 |a STU  |b slo 
041 0 |a cze 
044 |a cs 
080 |a 621.74(082) 
245 |a Mezinárodní konference k 40.výročí založení katedry slévárenství :  |b Konf. Areál VŠB Ostrava-Poruba. 8.-10.6.1992 
260 |a Ostrava :  |b Vysoká škola báňská - Technická univerzita v Ostravě,  |c 1992 
300 |a voľné listy 
650 7 |a zlievárenstvo  |2 stusub 
650 7 |a zborníky  |2 stusub 
650 7 |a odlievanie  |2 stusub 
650 7 |a Liatina tvárna  |2 stusub 
996 |b MZ 585  |c M*Z-585  |l MMKN  |s A  |a 24  |w stu37567_0001